[Event "Pula op 19th"]
[Site "Pula"]
[Date "2005.06.22"]
[Round "4"]
[White "Saric, Ante"]
[Black "Atalik, Suat"]
[Result "0-1"]
[WhiteElo "2472"]
[BlackElo "2561"]
[Annotator "Atalik,S"]
[PlyCount "68"]
[EventDate "2005.06.19"]
[EventType "swiss"]
[EventRounds "9"]
[EventCountry "CRO"]
[SourceTitle "CBM 106 Extra"]
[Source "ChessBase"]
[SourceDate "2005.07.01"]
[SourceVersion "1"]
[SourceVersionDate "2005.07.01"]
[SourceQuality "1"]

{Ante Saric,Alojzije Jankovic and Ante Brkic are 3 young Croatian IM's who
have a bright future in front of them who will be the best time will tell.} 1.
Nf3 Nf6 2. c4 e6 3. g3 b6 {Back in the Oldman's opening.} 4. Bg2 Bb7 5. O-O Be7
6. d4 O-O 7. Bf4 $5 {In early 90's Predrag experimented with this move.} d6 {
It looks like this is the most natural move.} 8. Qc2 $5 {An ambitious move.} (
8. Nc3 Ne4 9. Rc1 {has been played by Philipp Schlosser in Budapest 1991.})
8... Na6 $1 $146 {A very logical response to white's opening strategy. Black
wants to recapture on c5 by his knight.} (8... c5 9. dxc5 bxc5 10. Nc3 $14) ({
It is obvious that} 8... Be4 9. Qd2 {is to whites advantage.}) 9. Nc3 c5 10.
dxc5 {During the game I have thought that it is a small inexactitude but now I
have changed my mind.} (10. Rad1 $6 {is clumsy.} cxd4 11. Rxd4 Qb8 12. Rd2 Nc5
$1 (12... Rc8 13. b3 e5 14. Bg5 d5 15. Bh3 Rc5 $13 {looks extremely messy.}) (
12... Rd8 13. Rfd1 Nc5 14. Ne1 Bxg2 15. Nxg2 a6 16. b4 Nb7 17. Na4 (17. Ne4 $6
Qc7 18. Qd3 Rac8 19. Nxf6+ Bxf6 20. Be3 a5 21. a3 axb4 22. axb4 d5 $40) 17...
Qc7 18. Be3 Nd7 $13) 13. Rfd1 Nce4 14. Nxe4 Nxe4 15. Rd4 f5 16. R4d3 Rc8 17.
Nd2 Nc5 $40) 10... Nxc5 11. Rfd1 $6 {This kind of configuration for white's
rooks I absolutely do not like. In my opinion the rooks should be placed on e1
and d1instead of d1 and c1.} (11. Rad1 Qb8 12. Rfe1 Rd8 13. e4 Ncd7 14. Qe2 $1
Ne5 $5 (14... Ng4 $6 15. Bg5 $1 Bxg5 16. Nxg5 Ngf6 17. Nb5 $1 Nc5 18. b4 a6 19.
bxc5 axb5 20. e5 Bxg2 21. exf6 gxf6 22. Nxf7 Kxf7 23. Qxe6+ $18) (14... a6 $6
15. e5 $1 $16) 15. Nxe5 dxe5 16. Rxd8+ Bxd8 17. Be3 Be7 18. Rd1 Bb4 19. Bd2 (
19. Bg5 $6 Bxc3 20. Bxf6 gxf6 21. Qg4+ Kf8 22. bxc3 Qc7 23. Qh4 Ke7 $17) 19...
Qf8 20. a3 Be7 $13) 11... Qb8 $1 {I had to compare this position with the 4...
Ba6 5.Qa4 line. It seems to be black has taken the sting out of white's
opening advantage.} 12. Ne1 Rd8 ({maybe better was} 12... Rc8 13. Bxb7 Nxb7 14.
Qd3 Qc7 15. b3 a6 $13 {and the game goes on.}) 13. Rac1 {A streotyped move by
Ante.} (13. b4 $5 Bxg2 14. bxc5 $1 (14. Nxg2 Ncd7 15. Nb5 Ne5 $13) 14... Bc6
15. cxd6 Bxd6 16. Rxd6 Rxd6 17. Nb5 Bxb5 18. cxb5 Qd8 19. Bxd6 Qxd6 20. Rd1 Qb4
21. a4 $11) 13... Bxg2 (13... a6 14. b4 {would have transposed to the game
after} Bxg2 15. Nxg2 Ncd7) 14. Nxg2 a6 15. b4 Ncd7 {White has to free his
position.} 16. Ne4 $1 Nxe4 17. Qxe4 e5 $6 {This aggressive plan is
unfortunately working only after my young opponent's timid answer.} (17... Qc7
18. a3 Rac8 $11) 18. Be3 (18. Bd2 b5 19. Ne3 Nf6 20. Qf5 Qb7 $13) 18... b5 19.
c5 $6 {The c pawn could have become dangerous} ({after the right move} 19. Qc6
$1 {And white might have taken over the initiative.} Nf6 (19... bxc4 $6 20.
Rxc4 Nf6 (20... Qb5 21. Rd5 $16) 21. Bb6 Rc8 22. Qxc8+ Qxc8 23. Rxc8+ Rxc8 24.
Ne3 $16) 20. c5 Rc8 21. Qb6 dxc5 22. bxc5 Rc7 23. Nh4 (23. c6 $2 Qc8 $17) 23...
Ng4 24. c6 $1 (24. Nf5 $6 Nxe3 25. Nxe7+ Rxe7 26. fxe3 Qxb6 (26... Qc8 27. c6
Rb8 28. Qc5 Qc7 29. Rd6 $40) 27. cxb6 Kf8 (27... f5 28. e4 $1) 28. Rd6 $1 (28.
Kf2 Rb7 29. Rc6 Rab8 30. Rdd6 e4 31. g4 Ke7 32. Kg3 Rc8 $17) 28... Rb8 29. Rc7
Ke8 30. Ra7 $1 Reb7 31. Rxa6 Ke7 32. Rd5 Rxb6 33. Rxe5+ Kd7 $11) 24... Bxh4 25.
gxh4 Nxe3 26. Qxe3 $40) 19... dxc5 20. Bxc5 $1 (20. bxc5 Qc7 $1 (20... Nxc5 $6
{only leads to a draw!} 21. Rxd8+ Qxd8 22. Bxc5 Rc8 (22... Bxc5 23. Rxc5 Qd1+
24. Ne1 Qxe1+ 25. Kg2 Rf8 $11) 23. Qxe5 Rxc5 (23... Qd2 $4 24. Qe3 $18) 24.
Rxc5 Qd1+ 25. Ne1 Qxe1+ 26. Kg2 Bxc5 27. Qxc5 g6 28. Qc8+ Kg7 29. Qxa6 Qxe2 $11
) 21. c6 Nf6 22. Rxd8+ Rxd8 23. Qf3 Nd5 $36) 20... Nxc5 21. Rxd8+ Qxd8 22. bxc5
Rc8 (22... Bxc5 23. Rxc5 Qd1+ 24. Ne1 Qxe1+ 25. Kg2 Rf8 $11) 23. c6 $4 {
A very bad move.} (23. Qxe5 $6 Qd2 $1 24. Qe3 Qxe3 25. Nxe3 Rxc5 26. Rxc5 Bxc5
$17) (23. Ne3 $1 Rxc5 (23... Bxc5 24. Qxe5 Bxe3 25. Qxe3 $11) 24. Rxc5 Bxc5 25.
Qxe5 Bf8 26. Nd5 b4 {should be equal.} 27. e4 a5 (27... Qc8 28. Ne7+ Bxe7 29.
Qxe7 a5 30. Qa7 $11) 28. Qb2 Qc8 29. Qb3 Qc1+ 30. Kg2 h6 31. Qa4 Qc4 $11) 23...
Ba3 $1 $17 {All of a sudden white is losing his most important pawn!} 24. c7 {
The best practical chance.} (24. Rf1 $2 Qd4 25. Qxd4 exd4 $19) 24... Rxc7 25.
Rxc7 Qxc7 26. Qa8+ Bf8 27. Ne3 Qc1+ 28. Kg2 Qa3 29. Qd5 $2 (29. Nd5 $1 {
was much more resilient.} f5 $1 (29... g6 $2 30. Nf6+ Kg7 31. Ne8+ Kh6 32. Nf6
$132) 30. Qe8 Qd6 31. Qa8 b4 $17 {black has to still overcome some
difficulties.}) 29... h5 $1 {30.Ng4 should be prevented.} (29... e4 $2 30. Ng4
Qd6 31. Qxe4 Qd2 32. a4 bxa4 33. Qxa4 Qxe2 $17) 30. Qxe5 $2 {Anything but this.
} Qxa2 31. Qxh5 b4 $19 {The power of the connected pawns is tremendous.} 32.
Nd5 $5 $138 {Setting up a nice trap.} Qc4 $1 (32... b3 $4 33. Nf6+ $3 gxf6 34.
Qg4+ Kh7 35. Qf5+ Kg7 36. Qg4+ Kh8 37. Qh5+ Bh6 38. Qxh6+ Kg8 39. Qxf6 $15) 33.
Qe5 (33. Qg5 Qc6 34. e4 b3 35. Qd8 Qd6 36. Qc8 b2 37. Qc2 Qb8 38. Nc3 Qb4 39.
Nb1 a5 $19) 33... b3 34. Qg5 Qc6 {The b pawn is unstoppable.} (34... Qc6 35. e4
b2 36. Qd8 Qe6 37. Nc3 b1=Q 38. Nxb1 Qxe4+ $19) 0-1

[Event "Mediterranean-ch 3rd"]
[Site "Antalya"]
[Date "2006.02.02"]
[Round "2"]
[White "Atalik, Suat"]
[Black "Erturan, Yakup"]
[Result "1-0"]
[WhiteElo "2618"]
[BlackElo "2365"]
[Annotator "Atalik,S"]
[PlyCount "53"]
[EventDate "2006.02.01"]
[EventType "swiss"]
[EventRounds "9"]
[EventCountry "TUR"]
[SourceTitle "CBM 110 Extra"]
[Source "ChessBase"]
[SourceDate "2006.03.10"]
[SourceVersion "2"]
[SourceVersionDate "2006.03.10"]
[SourceQuality "1"]

1. d4 Nf6 2. c4 e6 3. Nf3 b6 4. g3 Bb7 5. Bg2 Be7 6. Nc3 d5 $6 {Too early for
this.} 7. cxd5 exd5 8. Qa4+ $1 {Taking the advantage of his 6th move.} c6 9.
Ne5 $1 {That is what Tony Miles used to play in Petrosian System.} (9. Bf4 O-O
10. Rd1 Nbd7 11. O-O Nh5 12. Bc1 f5 $132 ({or} 12... Nhf6 $14)) 9... O-O 10.
O-O Nfd7 11. Nd3 (11. Rd1 $2 Nxe5 12. dxe5 Nd7 13. e4 Nc5 14. Qc2 d4 15. Be3
Ne6 $17) 11... Na6 12. Bf4 (12. Nf4 $5) 12... Bf6 (12... Nc7 13. Bxc7 (13. Nb4
Bxb4 14. Qxb4 Ne6 15. Bd6 Re8 16. e3 $13) 13... Qxc7 14. Rac1 Qd6 15. Rfd1 $14
(15. e4 $2 b5 16. Qc2 dxe4 17. Bxe4 Qxd4 18. Bxh7+ Kxh7 19. Nf4+ Kg8 20. Rfd1
Qb6 21. Rxd7 Rae8 $17)) 13. e3 $6 (13. e4 $16 {was also possible but I was
trying to lure him for 13...Qe7.}) 13... Qe7 $2 {To catch the bishop he
comitted this bad mistake.} (13... Re8 $11) 14. e4 $1 {All of a sudden all his
pieces are uncoordinated.} b5 15. Qb3 Bxd4 16. exd5 Ndc5 17. Nxc5 Nxc5 18. Qb4
$1 $18 {The pin is very strong.} Bxc3 19. bxc3 a5 20. d6 $2 {I knew that it is
wrong but I could not connect anything concrete in my calculations.} (20. Qa3
$1 {is the move!} b4 21. cxb4 Ne4 (21... axb4 $2 22. Qxb4 Ra4 23. d6 Rxb4 24.
dxe7 Re8 25. Bd6 (25. Rfb1 Rxf4) 25... Rc4 26. Rfb1 $18) 22. d6 Nxd6 23. b5 Nf5
24. Qxe7 Nxe7 25. Rac1 Rac8 26. Bd6 Rfe8 27. Rfe1 Nf5 28. Rxe8+ Rxe8 29. bxc6
$18) 20... Qe5 $1 $14 21. Bxe5 axb4 22. cxb4 Nd3 23. Bc3 Rfd8 $2 {A very bad
miss.} (23... Ra3 $1 24. Bd4 Rd8 25. Bc5 (25. Rfd1 Rxd6 26. Bb2 Ra8 27. Rd2 Rd7
28. a3 Rad8 29. Rad1 Ne5 $14) 25... Rc3 26. Rfd1 Nxc5 27. bxc5 Rxc5 28. a4 bxa4
29. Rxa4 $14) 24. Rfd1 $1 $18 {Now white wins Nd3 in agood style.} Rxd6 25. Rd2
Rad8 (25... Ra3 26. Bb2) 26. Rad1 R6d7 27. f4 $1 {Preventing Ne5 and
threatening Bf1 or Be4.} (27. Bh3 $5 {is also winning.} Rd5 28. Bf1 Ne5 29.
Rxd5 Nf3+ 30. Kg2 Rxd5 31. Rxd5 cxd5 32. Kxf3 d4+ 33. Ke2 dxc3 34. Kd3 $18 {
wins also easy.}) 1-0

[Event "EU-ch 2nd"]
[Site "Ohrid"]
[Date "2001.06.03"]
[Round "3"]
[White "Epishin, Vladimir"]
[Black "Korobov, Anton"]
[Result "0-1"]
[WhiteElo "2579"]
[BlackElo "2401"]
[Annotator "Atlas,V"]
[PlyCount "68"]
[EventDate "2001.06.01"]
[EventType "swiss"]
[EventRounds "13"]
[EventCountry "YUG"]
[SourceTitle "CBM 084"]
[Source "ChessBase"]
[SourceDate "2001.09.13"]
[SourceVersion "1"]
[SourceVersionDate "2001.09.13"]
[SourceQuality "1"]

1. d4 Nf6 2. c4 e6 3. Nf3 b6 4. g3 Bb7 5. Bg2 Be7 6. Nc3 Ne4 7. Bd2 O-O 8. d5
f5 9. Qc2 Nd6 10. Bf4 Bf6 11. O-O Qe7 12. Bxd6 cxd6 13. Rac1 Na6 14. dxe6 dxe6
15. Rfd1 Rac8 16. Qa4 Rfd8 17. e3 Rd7 18. Nd4 Nc5 19. Qc2 Bxg2 20. Kxg2 Rdd8
21. Qe2 Nd7 22. b3 Nf8 23. f4 g5 24. e4 Qg7 25. Qf2 gxf4 26. exf5 f3+ $1 {
A powerful pawn thrust, forcing the white king to leave his safe residence.}
27. Kxf3 Qb7+ {[%csl Rf3][%cal Gb7h1]} 28. Kg4 (28. Ne4 {loses after} Bxd4 {
followed by 29...ef5, winning the knight.}) ({After} 28. Ke2 Re8 {Black has a
dangerous initiative.}) 28... Rc5 29. Kh3 Bxd4 30. Qxd4 Rxf5 31. Ne4 Ng6 32.
Rf1 Rdf8 33. Nxd6 $2 ({A fatal mistake, brilliantly punished by Black.
Essential was} 33. Rxf5 Rxf5 34. Re1 {preparing Kg2-g1.} (34. Nxd6 $2 {is
refuted by} Rh5+ 35. Kg4 Rh4+ 36. gxh4 Qg2+ 37. Kh5 Nf4+ 38. Qxf4 Qg6#)) 33...
Rh5+ 34. Kg4 {[%tqu "En","All black pieces are targetting the white king. Can
you find the brilliant winning move for Black?","Try to bring your queen into
attack.","Use your h5-rook!","h5h4","An impressive game conclusion!",7]} Rh4+
$3 {[%csl Rg4][%cal Gb7g2,Gg6f4,Gg6h4]} (34... Rh4+ $3 {This brilliant move
decides the game in Black's favor:} 35. gxh4 (35. Kg5 h6+ 36. Kxg6 Qh7#) 35...
Qg2+ 36. Kh5 Nf4+ $1 37. Rxf4 Qg6#) 0-1

[Event "FIDE-Wch k.o."]
[Site "Tripoli"]
[Date "2004.06.20"]
[Round "1.2"]
[White "Bologan, Viktor"]
[Black "Paragua, Mark"]
[Result "1-0"]
[WhiteElo "2665"]
[BlackElo "2529"]
[Annotator "Atlas,V"]
[PlyCount "55"]
[EventDate "2004.06.19"]
[EventType "k.o."]
[EventRounds "7"]
[EventCountry "LBY"]
[SourceTitle "CBM 102"]
[Source "ChessBase"]
[SourceDate "2004.09.23"]
[SourceVersion "1"]
[SourceVersionDate "2004.09.23"]
[SourceQuality "1"]

1. d4 Nf6 2. c4 e6 3. Nf3 b6 4. g3 Bb7 5. Bg2 Be7 6. O-O O-O 7. Re1 c5 8. d5
exd5 9. Nh4 Ne4 10. cxd5 Bxh4 11. Bxe4 Bg5 12. Bxg5 Qxg5 13. Nc3 d6 14. Bg2 Na6
15. e4 Rfe8 ({Auf} 15... Nc7 {is strongly met by folgt stark} 16. f4 Qg6 17. e5
) 16. f4 Qf6 17. Nb5 Re7 18. Qd2 Rd8 19. Rad1 Bc8 20. e5 $1 {[%csl Gb5,Gd1,Gd2,
Gd5] A decisive breakthrough. Now the power of White's d-pawn becomes the main
factor of this position. Ein entscheidender Durchbruch. Die Kraft des weißen
d-Bauern wird nun zum Hauptfaktor dieser Stellung.} dxe5 21. d6 Ree8 22. fxe5
Rxe5 23. Rxe5 Qxe5 24. Re1 Qf5 ({If Falls} 24... Qf6 {, then , so} 25. d7 $1
Bxd7 26. Qxd7 $1 {, winning. und gewinnt.}) 25. Nxa7 Bd7 26. Nc6 Bxc6 27. Bxc6
Nb8 (27... Qc8 {is nicely refuted by wird hübsch widerlegt durch} 28. d7 Qxc6
29. Qd5 Qb5 (29... Qa4 30. b3) 30. Re7) {[%tqu "En","How can White convert
activity of his pieces into a full point?","The passed d6-pawn is what counts
in this position!","Exploit the weakness of the opponent's back rank and the
power of your d6-pawn.","d6d7","This spectacular move wins immediately.",5,
"De","Wie kann Weiß die Aktivität seiner Figuren in den vollen Punkt
ummünzen?","Der freie d-Bauer ist, was in dieser Stellung zählt!","Schlagen
Sie Kapital aus der gegnerischen Grundreihenschwäche und der Kraft Ihres
Bauern d6.","d6d7","Dieser spektakuläre Zug gewinnt sofort.",5]} 28. d7 $1 {
[%csl Gc6,Gd2,Gd7,Rd8,Ge1,Rg8] A nice winning move. Black is defenseless
against White's threats: Ein hübscher Gewinnzug. Schwarz ist wehrlos gegen die
weißen Drohungen:} (28. d7 Nxd7 (28... Nxc6 29. Re8+) 29. Qxd7 Qxd7 30. Bxd7
Rxd7 31. Re8#) 1-0

[Event "St Petersburg op"]
[Site "St Petersburg"]
[Date "1994.??.??"]
[Round "8"]
[White "Ehlvest, Jaan"]
[Black "Yemelin, Vasily"]
[Result "1-0"]
[WhiteElo "2610"]
[BlackElo "2475"]
[Annotator "Belov,I"]
[PlyCount "81"]
[EventDate "1994.02.??"]
[EventType "swiss"]
[EventRounds "9"]
[EventCountry "RUS"]
[SourceTitle "CBM 041"]
[Source "ChessBase"]
[SourceDate "1994.08.01"]
[SourceVersion "1"]
[SourceVersionDate "1994.08.01"]
[SourceQuality "1"]

1. d4 Nf6 2. c4 e6 3. Nf3 b6 4. g3 Bb7 5. Bg2 Be7 6. Nc3 Ne4 7. Bd2 Bf6 8. Qc2
(8. O-O O-O 9. Qc2 (9. Rc1 d6 (9... c5 $5) 10. d5 Nxd2 11. Qxd2 Qe7 (11... e5
12. h4 Nd7 13. Bh3 g6 14. e4 Bg7 15. h5 Nf6 16. hxg6 hxg6 17. Kg2 $1 Qe7 18.
Rh1 $14 {Epishin,V-Ehlvest,J/Terrassa/1991/1:0 (38) Inf 52/535/}) 12. e4 Nd7
13. Nd4 Bxd4 14. Qxd4 e5 15. Qd2 a5 16. f4 Nc5 17. f5 f6 $14 {Karpov,A-Salov,S/
Reykjavik/1991/1:0 (67) Inf 52/534/}) 9... Nxd2 10. Qxd2 d6 11. Rad1 (11. e4
Nd7 12. Rfe1 g6 13. h4 e5 14. d5 h5 15. b4 Bg7 16. Bh3 a5 17. a3 Ba6 18. Qd3
Bh6 19. Nh2 Qe7 $10 {Fedorowicz,J-Van Der Wiel,J/Wijk aan Zee/1991/}) 11... Nd7
12. d5 (12. h4 Qe7 13. d5 a5 14. Ng5 Bxc3 15. Qxc3 e5 16. Qc2 Nf6 17. e4 Bc8
$10 {Eingorn,V-Ionov,S/SSSR(ch)/1991/}) 12... Bxc3 13. Qxc3 e5 14. e4 a5 15.
Nd2 Qe7 16. b3 c6 $1 $10 {Dokhoian,Y-Razuvaev,Y/BRD/1992/ Inf 54/524/}) 8...
Nxd2 9. Qxd2 d6 10. d5 O-O 11. Rc1 (11. Nd4 e5 12. Nc6 Qd7 13. Nxb8 Rfxb8 14.
h4 a5 15. a4 $5 Rf8 16. e4 h5 17. O-O-O $16 {Karpov,A-Yusupov,A/Tilburg/1993/1:
0 (57); 11...Nd7!?/}) 11... Nd7 12. Nd4 a5 $1 (12... e5 13. Nc6 Bxc6 14. dxc6
Nc5 15. O-O $16) 13. Ncb5 (13. O-O Bxd4 14. Qxd4 e5 15. Qd2 Nc5 $10) (13. dxe6
Bxg2 14. Rg1 Bb7 15. exd7 Qxd7 $15) 13... Bxd4 14. Nxd4 e5 15. Nb5 (15. Nc2 Nc5
16. O-O f5 $10) 15... Nc5 16. O-O Ba6 17. Na3 f5 (17... Qe7 18. e4 Rae8 19. f4
f6 $10) 18. f4 $5 Qe7 (18... exf4 19. Rxf4 Qe7 20. Rcf1 g6 21. b3 Rae8 $10) (
18... e4 19. b3 Qe7 20. Nc2 $14) 19. e3 Rae8 20. b3 exf4 $6 (20... g6 $10) (
20... Bc8 $10) 21. exf4 Qe3+ (21... g6 22. Nc2 Qg7 23. Nd4 $16) 22. Qxe3 Rxe3
23. Nc2 Rd3 24. Rfd1 Bc8 25. Nd4 Bd7 26. Rxd3 Nxd3 27. Rb1 $1 $16 Re8 28. a3
Nc5 (28... g6 29. b4 Kf7 30. Bf1 Ne1 (30... Re3 31. Rb3 $18) 31. Kf2 $18) 29.
b4 Ne4 $6 (29... axb4 30. axb4 Ne4 31. Re1 g6 32. Re2 Kf7 33. Ra2 $16) 30. bxa5
bxa5 31. Re1 Nd2 (31... g6 32. Bxe4 fxe4 33. Kf2 $16) 32. Rxe8+ Bxe8 33. Bf1
Nb1 $2 (33... g6 $5 34. Bd3 (34. Ne6 c6) 34... Ba4 35. Ne6 c6 36. Nd8 $16) 34.
Bd3 $18 Nxa3 (34... Nc3 35. Nxf5 $18) 35. Kf2 (35. Nxf5 Bg6 36. Ne7+ Kf7 37.
Nxg6 hxg6 38. Kf2 $18) 35... g6 36. Ke3 Kg7 37. Kd2 Kh6 38. Kc3 Kh5 39. Be2+
Kh6 40. Kb2 Nxc4+ 41. Bxc4 1-0

[Event "Belgrade"]
[Site "Belgrade"]
[Date "1993.??.??"]
[Round "3"]
[White "Romanishin, Oleg M"]
[Black "Tiviakov, Sergei"]
[Result "1-0"]
[WhiteElo "2615"]
[BlackElo "2635"]
[Annotator "Belov,I"]
[PlyCount "57"]
[EventDate "1993.??.??"]
[EventType "tourn"]
[EventRounds "9"]
[EventCountry "YUG"]
[EventCategory "16"]
[SourceTitle "CBM 039"]
[Source "ChessBase"]
[SourceDate "1994.04.01"]
[SourceVersion "1"]
[SourceVersionDate "1994.04.01"]
[SourceQuality "1"]

1. d4 {Ftacnik} Nf6 2. Nf3 e6 3. g3 b6 4. Bg2 Bb7 5. c4 Be7 6. Nc3 O-O (6...
Ne4 $5) 7. d5 $5 (7. Qc2 $5) 7... Bb4 8. O-O $5 $146 (8. Bd2 c6 (8... Bxc3 9.
Bxc3 exd5 10. Nh4 Ne4 11. cxd5 Nxc3 12. bxc3 d6 13. O-O Nd7 14. e4 Nc5 15. Qd4
$14 {Karpov,A-Ivanchuk,V/Linares/1993/}) (8... Na6 $5 9. O-O Nc5 10. Ne1 (10.
Nh4 Re8 11. Rc1 a5 12. Re1 d6 $10 {Van Welly,L-Tiviakov,S/Gausdal/1992/}) 10...
Re8 11. Nc2 Bxc3 12. Bxc3 exd5 13. cxd5 Nce4 14. Ne3 $8 Nxc3 15. bxc3 Rxe3 $1
16. fxe3 d6 $44 {Razuvaev,Y-Tiviakov,S/Rostov/1993/}) 9. O-O Bxc3 10. dxc6 $1
$14 {Ribli/}) 8... Na6 (8... Bxc3 9. bxc3 exd5 10. Nh4 c6 11. Ba3 Re8 12. Nf5
$44) 9. Nh4 Nc5 $6 (9... Bxc3 $5 10. bxc3 Nc5 11. Ba3 Rb8 $44) (9... c6 {
Ftacnik} 10. d6 $1 $36 {Romanishin,O-Rodriguez,Am/Luzern WchT/1993/}) 10. Na4
$1 (10. Nb1 Nce4 11. a3 Be7 $13) (10. Bd2 Re8 11. Rc1 a5 $10) 10... exd5 $6 (
10... Nxa4 11. Qxa4 a5 12. e4 (12. dxe6 {Ftacnik} Bxg2 13. exf7+ $16) 12... Bc5
$14) (10... Nce4 11. f3 Bc5+ 12. Nxc5 Nxc5 13. e4 $16) 11. a3 Nxa4 12. axb4 b5
$8 13. cxd5 $16 (13. c5 $2 a5 14. bxa5 (14. b3 Nc3 15. Qc2 axb4 $17) 14... Nxc5
$15) 13... Re8 14. Qd3 Nb6 15. e4 d6 16. Nf5 (16. Qxb5 Nxe4) 16... a6 17. b3
Nbd7 18. Bb2 Ne5 19. Qc2 c6 $2 (19... Rc8 $5 20. f4 Ng6 $16) 20. f4 Ng6 21.
dxc6 Rc8 (21... Qb6+ 22. Kh1 Qxc6 23. Qxc6 Bxc6 24. Nxd6 $18) 22. e5 $1 dxe5
23. fxe5 Nxe5 (23... Ng4 24. Qe4 N4xe5 25. cxb7 $18) 24. Rad1 Qb6+ (24... Qc7 {
Ftacnik} 25. cxb7 Qxc2 26. Rc1 Qxc1 (26... Qxf5 27. bxc8=Q Qxc8 28. Rxc8 Rxc8
29. Bxe5 $18) 27. Bxc1 Rc2 28. Bf4 $16) 25. Bd4 Qc7 26. Nxg7 $1 $18 Kxg7 27.
Qf5 Bxc6 28. Qxf6+ Kg8 29. Rf5 1-0

[Event "Moscow"]
[Site "Moscow"]
[Date "1981.04.??"]
[Round "12"]
[White "Gheorghiu, Florin"]
[Black "Smyslov, Vassily V"]
[Result "1/2-1/2"]
[WhiteElo "2545"]
[BlackElo "2545"]
[Annotator "Belov,I"]
[PlyCount "46"]
[EventDate "1981.04.08"]
[EventType "tourn"]
[EventRounds "13"]
[EventCountry "URS"]
[EventCategory "15"]
[SourceTitle "MCL"]
[Source "ChessBase"]
[SourceDate "1999.07.01"]
[SourceVersion "1"]
[SourceVersionDate "1999.07.01"]
[SourceQuality "1"]

1. d4 Nf6 2. c4 e6 3. Nf3 b6 4. g3 Bb7 5. Bg2 Be7 6. O-O O-O 7. d5 exd5 8. Nh4
c6 9. cxd5 Nxd5 (9... cxd5 $5 10. Nc3 Na6 11. Nf5 Nc7 12. Bf4 Re8 13. Bd6 Bf8
14. Qb3 Bc6 15. Bxf8 Rxf8 16. Rad1 Re8 17. Rfe1 Re5 $10 {Romanishin,O-Razuvaev,
Y/Jurmala/1987/0,5 (17)/}) 10. Nf5 Nf6 (10... Nc7 11. Nc3 d5 12. e4 Bf6 13. Bf4
Bc8 14. g4 Nba6 15. Rc1 Bxf5 16. gxf5 Bg5 17. Bxc7 Nxc7 18. f4 Be7 19. exd5
Bc5+ 20. Kh1 cxd5 $10 {Sosonko,G-Tukmakov,V/Tilburg/1984/0,5 (26) Inf 38/718/})
11. e4 d5 12. Nc3 dxe4 (12... Nbd7 13. exd5 (13. Bg5 $5) 13... cxd5 14. Nxd5
Bxd5 15. Bxd5 Nxd5 16. Qxd5 $10 {Speelman,J-Burger/Brighton/1981/}) 13. Qxd8 (
13. Bg5 $5 h6 14. Bf4 (14. Bxh6 $2 gxh6 15. Qc1 Bc8 $1 {Polugaevsky,L-Stean,M/
Malta(ol)/1980/0,5 (25) Inf 30/632/}) 14... Ba6 15. Re1 Bb4 16. Qb3 Bxc3 17.
Qxc3 Qd3 18. Nxh6+ $14 {Sturua,Z-Kengis,E/URS/1981/1:0 (43) Inf 32/613/}) 13...
Bxd8 $8 14. Nd6 Ba6 15. Re1 Bd3 (15... Nbd7 $5 16. Ncxe4 Rb8) 16. Ncxe4 Nxe4
17. Nxe4 Bxe4 (17... Na6 $5) 18. Bxe4 Bf6 19. Rb1 g6 (19... a5 $142) 20. Bf4 (
20. b4 $142 $16) 20... Rc8 21. b4 a6 22. Rec1 Ra7 $1 23. Bxb8 Rxb8 1/2-1/2

[Event "Rostov on Don op"]
[Site "Rostov on Don"]
[Date "1993.??.??"]
[Round "?"]
[White "Tregubov, Pavel V"]
[Black "Brodsky, Michail"]
[Result "1-0"]
[WhiteElo "2445"]
[BlackElo "2520"]
[Annotator "Belov,I"]
[PlyCount "88"]
[EventDate "1993.05.??"]
[EventType "swiss"]
[EventRounds "9"]
[EventCountry "RUS"]
[SourceTitle "CBM 036"]
[Source "ChessBase"]
[SourceDate "1993.10.01"]
[SourceVersion "1"]
[SourceVersionDate "1993.10.01"]
[SourceQuality "1"]

1. Nf3 Nf6 2. c4 b6 3. g3 c5 4. Bg2 Bb7 5. O-O e6 6. Nc3 Be7 7. Re1 d5 8. cxd5
exd5 (8... Nxd5 9. e4 Nb4 10. d4 $14) 9. d4 O-O 10. Bg5 Nbd7 (10... Na6 11. Rc1
h6 (11... Re8 12. e3 Ne4 $10 {Tal/}) 12. Be3 $146 (12. Bxf6 Bxf6 13. e3 Re8 14.
Re2 $1 $14) 12... Re8 13. Qa4 cxd4 14. Nxd4 Nc5 15. Qc2 Ng4 16. Bf4 Bf6 17. Nf5
$14 {Podzielny,K-Ftacnik,L BRD 1993/}) 11. e3 $5 $146 (11. Rc1 Re8 12. e3 Ne4
13. Bxe7 Qxe7 14. dxc5 Ndxc5 15. Rc2 Rad8 16. Nd4 a5 $10 {Agdestein,S-Browne,W
Taxco 1985 Inf 39/679/}) 11... Ne4 12. Bxe7 Qxe7 13. Rc1 Rfd8 (13... Rfe8 $5)
14. Nd2 $5 Rac8 15. Bh3 $1 a6 {/\16...Rc7,17...Ndf6/} (15... Ng5 $5 16. Bg4 g6
17. h4 Ne4) 16. Ncxe4 $1 dxe4 17. Nc4 {/\18.Bd7 Rd7 19.Nb6/} (17. Bxd7 $5)
17... cxd4 (17... Qf6 $5) 18. exd4 Qf6 19. d5 $1 (19. Ne3 $1 Rxc1 20. Qxc1 Nf8
21. Qc7 $16) 19... b5 20. Bxd7 (20. Ne3 Rxc1 21. Qxc1 Ne5 $13) 20... Rxc4 $1 (
20... Rxd7 $6 21. Na5 (21. Ne3 Rcd8 22. Rc5 Qxb2 $13) 21... Rxc1 22. Qxc1 Qb6
23. Rxe4 $16) 21. Rxc4 bxc4 22. Rxe4 g6 23. Re8+ Rxe8 24. Bxe8 Qd6 $1 $14 25.
Ba4 Bxd5 26. Qd2 Qe5 27. Bd1 h5 $1 28. f3 (28. h4 Qe4 29. f3 Qe5 $13) 28... Kg7
$6 (28... Be6 $5 $14) 29. Qc3 $1 f6 (29... Qxc3 30. bxc3 Kf6 31. Kf2 (31. f4 g5
32. Kf2 h4) 31... Ke5 32. Ke3 Be6 33. f4+ Kd5 $16) 30. Qxe5 fxe5 31. a3 g5 $6 (
31... Kf6 $5) 32. h4 $1 gxh4 33. gxh4 Kf6 34. Kf2 Bf7 35. Ke3 Ke6 $6 (35... Be8
$5 36. Be2 Bf7 37. f4 a5 $16) 36. f4 $18 Bg6 37. Be2 exf4+ (37... Kd5 38. fxe5
$18) 38. Kxf4 Kd5 39. Kg5 Bd3 40. Bxh5 Kd4 41. Bf7 Be2 42. h5 Bxh5 43. Kxh5 a5
44. a4 Kc5 1-0